Holiday Quiz

Random Holiday or Popular Quiz

ASCAP Holiday Songs of the Decade Quiz Stats

 Plays Quiz Updated Dec 25, 2019

     
Support Sporcle.
Go Orange.
Score 0/25 Timer 07:00
1 Play Today
Rank/Composer(s) Song title % Correct
6. Irving BerlinWhite Christmas
77.5%
15. José FelicianoFeliz Navidad
52%
2. Mel Tormé, Robert WellsThe Christmas Song (Chestnuts Roasting on an Open Fire)
51.9%
18. Billy Hayes, Jay W. JohnsonBlue Christmas
51.4%
5. Fred Coots, Haven GillespieSanta Claus Is Coming To Town
46%
9. Johnny MarksRudolph The Red Nosed Reindeer
45%
16. Steve Nelson, Walter E. RollinsFrosty The Snowman
38.2%
13. Johnny MarksRockin' Around The Christmas Tree
36.7%
1. Felix Bernard, Richard B. SmithWinter Wonderland
34.5%
8. Joseph Carleton Beal, James Ross BootheJingle Bell Rock
34.3%
14. Jay Livingston, Ray EvansSilver Bells
33.2%
25. Midge Ure, Bob GeldofDo They Know It's Christmas?
32.4%
10. Katherine K. Davis, Henry V. Onorati, Harry SimeoneLittle Drummer Boy
25.3%
Rank/Composer(s) Song title % Correct
12. Walter Kent, Kim Gannon, Buck RamI'll Be Home For Christmas
24%
7. Sammy Cahn, Jule StyneLet It Snow! Let It Snow! Let It Snow!
24%
20. Tommie ConnorI Saw Mommy Kissing Santa Claus
23%
17. Johnny MarksA Holly Jolly Christmas
22%
24. Paul McCartneyWonderful Christmastime
21.5%
3. Leroy Anderson, Mitchell ParishSleigh Ride
20.1%
4. Ralph Blane, Hugh MartinHave Yourself A Merry Little Christmas
19.3%
23. Peter J. Wilhousky, Mykola LeontovichCarol Of The Bells
17.7%
21. Gene Autry, Oakley HaldemanHere Comes Santa Claus (Right Down Santa Claus Lane)
12.2%
11. Edward Pola, George WyleIt's The Most Wonderful Time Of The Year
12.1%
19. Meredith WillsonIt's Beginning To Look A Lot Like Christmas
9.7%
22. Bob Allen, Al Stillman(There's No Place Like) Home For The Holidays
6.3%

From the Vault

Rugby World Cup Winners

by oldkent

Sports 2m
The next Rugby World Cup is coming up later this year. Are you ready?
Remove Ads.
Support Sporcle.
Get the best of Sporcle when you Go Orange. This ad-free experience offers more features, more stats, and more fun while also helping to support Sporcle. Thank you for becoming a member.

Show Comments

Extras

Top Quizzes Today


Score Distribution

Your Account Isn't Verified!

In order to create a playlist on Sporcle, you need to verify the email address you used during registration. Go to your Sporcle Settings to finish the process.

Report this User

Report this user for behavior that violates our Community Guidelines.

Details: